000 01441nam a2200265Ia 4500
999 _c36587
_d36587
001 2506
003 GE_BSU
005 20250513134928.0
008 181216s2009||||ge |||||||||||||| ||geo||
040 _cGE_BSU
041 _ageo
080 _a811.353.1 ფ–29
100 _aფარტენაძე, ნათია
_93258
245 _aზმნისწინი საშუალ ქართულში :
_b[მონოგრაფია] /
_cნათია ფარტენაძე :[რედ. ელენე ბაბუნაშვილი] ; შოთა რუსთაველის სახელმწ. უნ-ტი.
264 _aბათუმი :
_bშოთა რუსთაველის სახელმწ. უნ-ტის გამ-ბა და სტ.,
_c2009.
300 _a124 გვ.
_c20 სმ.
500 _aშემოკლებათა განმარტება : გვ. 117-118
504 _aბიბლიოგრ. : გვ. 118-122
520 _aრეზიუმე რუსულ ენაზე
541 _h5 ლ.
653 _aზმნისწინი საშუალ ქართულში
700 _aბაბუნაშვილი, ელენე
_eრედაქტორი
_95723
710 _aშოთა რუსთაველის სახელმწიფო უნივერსიტეტი
_925032
942 _cBK
_2udc